Classical education in Britain: 1500 - 1900 : 1500 - 1900

Saved in:
Bibliographic Details
Main Author: CLARKE, M.L
Format: Book
Language:English
Published: Cambridge University Press 2014
Tags: Add Tag
No Tags, Be the first to tag this record!

MARC

LEADER 00000nam a22000007a 4500
008 240516b |||||||| |||| 00| 0 eng d
022 |a 978110762206 
100 |a CLARKE, M.L  
245 |a Classical education in Britain: 1500 - 1900  |b : 1500 - 1900  |c M. L Clarke  |g vii, 234p.  
260 |b Cambridge University Press  |c 2014  |h Cambridge  |l LA631.7.C55  |m Classical education  |m Education- Great Britain - History 
500 |a It includes index and references 
942 |a lcc  |c BK  |e Adeyemo O.O  |f 16/05/2024 
999 |c 2541  |d 2541